Marketing deportivo

Guardat en:
Dades bibliogràfiques
Autors principals: Mullin, Bernard J. (autor), Hardy, Stephen (Autor), Sutton, William A (Autor)
Format: Llibre
Idioma:espanyol
Publicat: Barcelona Paidotribo 1995
Col·lecció:Colección Gestión y Administración
Matèries:
Etiquetes: Afegir etiqueta
Sense etiquetes, Sigues el primer a etiquetar aquest registre!

MARC

LEADER 00000nam a2200000 a 4500
001 UCU9468
003 CL-VaPUC
008 960823e19950000SP |||||||||||||||||spa|d
082 0 4 |a 796.06  |b MUL  |2 21 
100 |a Mullin, Bernard J.  |e autor  |9 552567 
700 0 |a Hardy, Stephen  |e author  |9 368606 
700 0 |a Sutton, William A  |e author  |9 368607 
245 1 0 |a Marketing deportivo 
300 |a 299 p 
942 |c BK 
945 |d 19960823 00:00:00  |a rleighto 
260 |a Barcelona  |b Paidotribo  |c 1995 
650 0 |a Deportes  |9 224367 
650 0 |a Administración  |9 259325 
650 7 |a DEPORTISTAS  |2 CL-VaPUC  |9 368608 
650 0 |a Gimnasio   |9 341520 
650 0 |a Ejercicios   |9 269807 
583 |a last modification  |c 19960823 00:00:00  |k Rodrigo Vera 
490 0 |a Colección Gestión y Administración 
999 |c 251203  |d 251201 
952 |0 0  |1 0  |4 0  |6 796_060000000000000_MUL_1995  |7 0  |8 A  |9 270219  |a BIBEDU  |b BIBEDU  |d 2019-11-19  |i 322211K  |o 796.06 MUL 1995  |p 322211K  |r 2019-11-19  |w 2019-11-19  |y BK  |k EFI